000 00646nam a2200229Ia 4500
003 OSt
005 20220928123924.0
006 a|||||r|||| 00| 0
007 ta
008 220927b |||||||| |||| 00| 0 eng d
024 _a60091
037 _cTextual
040 _aSDCL
_cSDCL
_beng
041 _2eng
_aeng
082 _aR873, L6
100 _aMcDermott John J
_9462311
245 0 _aCulture of experience
_b Philosophical essays in the American grain.
260 _aNew York
_b New University Press
_c1976
300 _axv,237p
_ccm.
942 _hR873, L6
_cTEXL
_2CC
999 _c775309
_d775309